000 00964cam a22002054a 4500
005 20250605164045.0
008 250528s ||||||||||||||||||||||||d
035 _a17111
020 _a99533111
040 _aGR-AtMCL
_bgre
_dGR-AtMCL
_eAACR2
245 1 _aManufacturing Consent / The Political Economy of the Mass Media
260 _bVintage,
_c1994
300 _a414
520 _aThe writers depict how an underlying elite consensus largely structures all facets of the news. Preface, A Propaganda Model. Worthy and Unworthy Victims, Legitimizing Versus Meaningless Third World Elections: El Salvador and Guatemala and Nicaragua, The KGB-Bulgarian Plot to Kill the Pope: Free market Disinformation as ''News'', The Indochina Wars (I): Vietnam, The Indochina Wars (II): Laos and Cambolia, Conclusions, Appendices, Notes, Index.
700 1 _aChomsky Noam
_9225
700 1 _aHerman Edward S
_93252
942 _cBK
999 _c2551
_d2551